Những ý tưởng Việt nam = Vietnam ideas

Giới thiệu những ý tưởng của các tập thể hoặc cá nhân ở Việt Nam trên thế giới đã đạt được trong các lĩnh vực khoa học, kỹ thuật, du lịch, văn hoá, kinh tế, xã hội, nghệ thuật...

שמור ב:
מידע ביבליוגרפי
פורמט: ספר
שפה:Undetermined
יצא לאור: Hà Nội Thông tấn 2005
נושאים:
תגים: הוספת תג
אין תגיות, היה/י הראשונ/ה לתייג את הרשומה!
Thư viện lưu trữ: Trung tâm Học liệu Trường Đại học Cần Thơ
LEADER 00883nam a2200205Ia 4500
001 CTU_95719
008 210402s9999 xx 000 0 und d
020 |c 15000 
082 |a 658.47 
082 |b Nh556/T.4 
245 0 |a Những ý tưởng Việt nam = 
245 0 |b Vietnam ideas 
245 0 |c Vũ Thái Kiên, Từ Anh Tuấn, Nguyễn Thuỵ Thy Huyền 
260 |a Hà Nội 
260 |b Thông tấn 
260 |c 2005 
520 |a Giới thiệu những ý tưởng của các tập thể hoặc cá nhân ở Việt Nam trên thế giới đã đạt được trong các lĩnh vực khoa học, kỹ thuật, du lịch, văn hoá, kinh tế, xã hội, nghệ thuật... 
650 |a Business intelligence 
904 |i Tuyến 
980 |a Trung tâm Học liệu Trường Đại học Cần Thơ